000 01104cam a2200301 a 4500
999 _c503
_d503
001 (Sirsi) a634587
003 OSt
005 20190819084847.0
008 100424s2009 mau d 000 1 eng d
020 _a9780763648268
040 _aDLC
_cDLC
_dIG#
_dBTCTA
_dTAE
041 0 _aeng
042 _anbic
043 _an-cn---
082 _aFIC WYN
100 1 _aWynne-Jones, Tim.
_eauthor
245 1 4 _aThe uninvited /
_cTim Wynne-Jones.
250 _a1st ed.
260 _aSomerville, Mass. :
_bCandlewick Press,
_c, ©2009.
300 _a351 p. ;
_c21 cm.
520 _aAfter a disturbing freshman year at New York University, Mimi is happy to get away to her father's remote Canadian cottage only to discover a stranger living there who has never heard of her or her father and who is convinced that Mimi is responsible for leaving sinister tokens around the property.
521 1 _a13-18.
650 1 _aMystery and detective stories.
650 0 _aMystery and detective stories
_vJuvenile fiction.
651 1 _aCanada
_vFiction.
651 0 _aCanada
_vJuvenile fiction.
942 _2ddc
_cFIC